[Event "Ambelokipi op 113th"]
[Site "Athens"]
[Date "2011.05.25"]
[Round "6"]
[White "Zambrakos, Efthimios"]
[Black "Kalamaras, Theofanis"]
[Result "1-0"]
[WhiteElo "1915"]
[BlackElo "1746"]
[PlyCount "71"]
[EventDate "2011.05.07"]
[EventType "swiss"]
[EventRounds "7"]
[EventCountry "GRE"]
[SourceTitle "EXT 2024"]
[Source "ChessBase"]
[SourceDate "2023.10.10"]
[SourceVersion "1"]
[SourceVersionDate "2023.10.10"]
[SourceQuality "1"]

1. e4 e5 2. Nf3 Nf6 3. Nxe5 d6 4. Nf3 Nxe4 5. Nc3 Nxc3 6. dxc3 Be7 7. Bd3 Bg4 8. Be3 Nd7 9. h3 Bh5 10. g4 Bg6 11. Qd2 Bxd3 12. cxd3 Ne5 13. Nh2 Qd7 14. 0-0-0 0-0-0 15. f4 Nc6 16. f5 h6 17. d4 Bf6 18. Qd3 Rde8 19. Nf3 d5 20. h4 Re4 21. Rhg1 Rhe8 22. Rde1 Qe7 23. Bf2 Qd6 24. Bg3 Rxe1+ 25. Rxe1 Rxe1+ 26. Nxe1 Qe7 27. Nf3 Na5 28. b3 c5 29. Qd2 cxd4 30. cxd4 Nc6 31. g5 hxg5 32. hxg5 Bxd4 33. Nxd4 Qc5+ 34. Nc2 d4 35. Qf4 Na5 36. b4 1-0

[Event "Ambelokipi op 113th"]
[Site "Athens"]
[Date "2011.05.07"]
[Round "1"]
[White "Kalamaras, Theofanis"]
[Black "Azis Azizis, Ektoras"]
[Result "0-1"]
[WhiteElo "1746"]
[BlackElo "2183"]
[PlyCount "62"]
[EventDate "2011.05.07"]
[EventType "swiss"]
[EventRounds "7"]
[EventCountry "GRE"]
[SourceTitle "EXT 2024"]
[Source "ChessBase"]
[SourceDate "2023.10.10"]
[SourceVersion "1"]
[SourceVersionDate "2023.10.10"]
[SourceQuality "1"]

1. e4 g6 2. d4 Bg7 3. Nf3 d6 4. Be2 Nf6 5. Nbd2 0-0 6. 0-0 Nc6 7. c3 e5 8. Qc2 Nh5 9. d5 Nf4 10. Nb3 Nxe2+ 11. Qxe2 Ne7 12. Ne1 f5 13. f3 c6 14. c4 a5 15. Be3 c5 16. a4 Kh8 17. Nc2 Ng8 18. Na3 Bh6 19. Bxh6 Nxh6 20. Nb5 f4 21. Nc1 g5 22. h3 Ng8 23. Nd3 Nf6 24. Nf2 h5 25. Qd2 Rg8 26. Kh1 Rg6 27. Rg1 g4 28. b3 Nh7 29. Qd1 Qh4 30. Qf1 g3 31. Nd3 Ng5 0-1

[Event "Ambelokipi op 111th"]
[Site "Athens"]
[Date "2011.03.12"]
[Round "1"]
[White "Azis Azizis, Ektoras"]
[Black "Kalamaras, Theofanis"]
[Result "1-0"]
[WhiteElo "2166"]
[BlackElo "1749"]
[PlyCount "55"]
[EventDate "2011.03.12"]
[EventType "swiss"]
[EventRounds "7"]
[EventCountry "GRE"]
[SourceTitle "EXT 2024"]
[Source "ChessBase"]
[SourceDate "2023.10.10"]
[SourceVersion "1"]
[SourceVersionDate "2023.10.10"]
[SourceQuality "1"]

1. e4 e5 2. Nf3 Nf6 3. Nc3 Bb4 4. Nxe5 d6 5. Nd3 Bxc3 6. dxc3 Nxe4 7. Be2 d5 8. 0-0 0-0 9. Bf3 Bf5 10. Be3 Nd7 11. Bg4 Bg6 12. Nf4 Ne5 13. Nxg6 Nxg6 14. Be2 c6 15. c4 Qc7 16. cxd5 Rad8 17. c4 Ne7 18. Qd4 cxd5 19. cxd5 Nf6 20. Rac1 Qd6 21. Qxa7 Nfxd5 22. Rfd1 Qg6 23. Bf3 Nxe3 24. Qxe3 Nf5 25. Qf4 Rxd1+ 26. Rxd1 Re8 27. Be4 Qh5 28. g4 1-0